Spotrebiteľské teórie a teórie obchodu Časť 1 Spotrebiteľské teórie

Bibliographic Details
Main Authors: Serenčéš, Roman, 1974- (Author), Lazorčáková, Ema, 1983- (Author)
Format: Book
Language:Slovak
PhysicalDescription:84 strán grafy, tabuľky 30 cm
Published: Nitra Slovenská poľnohospodárska univerzita v Nitre Vydavateľstvo SPU 2017
ISBN:9788055217444
Edition:Vydanie prvé
Subjects:

MARC

LEADER 00000nam a2200000 4500
001 vtls011745472
003 SK-MaSNL
005 20260301182907.0
008 200104s2017 xo dl e np 000 0 slo
015 |a SNBA2018/06 
020 |a 9788055217444  |q (brožované) 
035 |a urn:nbn:sk:snk-am00d2y1 
035 |a urn:nbn:sk:snk-am3hjw3 
035 |a BA2D7C69-D89D-442E-9774-D9CD8F5E69B8 
040 |a SNK  |b slo  |c SNK  |e rda 
041 0 |a slo 
044 |a xo  |c SK 
072 7 |a 33  |x Ekonómia  |2 konspekt 
072 7 |a 366  |x Ochrana spotrebiteľa. Správanie spotrebiteľa  |2 konspekt 
072 7 |a 37.016  |x Učebné osnovy. Vyučovacie predmety. Učebnice  |2 konspekt 
080 |a 366-05  |2 2011 
080 |a 366.1  |2 2011 
080 |a 330.101.541  |2 2011 
080 |a 330.101.542  |2 2011 
080 |a (075.8)  |2 2011 
100 1 |a Serenčéš, Roman,  |d 1974-  |4 aut  |9 243363 
245 1 0 |a Spotrebiteľské teórie a teórie obchodu  |n Časť 1  |p Spotrebiteľské teórie  |c Roman Serenčéš, Ema Lazorčáková 
246 3 0 |a Spotrebiteľské teórie 
250 |a Vydanie prvé 
264 1 |a Nitra  |b Slovenská poľnohospodárska univerzita v Nitre  |b Vydavateľstvo SPU  |c 2017 
300 |a 84 strán  |b grafy, tabuľky  |c 30 cm 
336 |a text  |b txt  |2 rdacontent 
337 |a bez média  |b n  |2 rdamedia 
338 |a zväzok  |b nc  |2 rdacarrier 
366 |e 250 kusov 
504 |a Bibliografia na s. 83-84 
650 0 7 |a spotrebitelia  |2 SNKPH  |9 15048 
650 0 7 |a Consumers  |2 SNKPHeng  |9 267411 
650 0 7 |a spotrebiteľské správanie  |2 SNKPH  |9 68696 
650 0 7 |a Consumer behavior  |2 SNKPHeng  |9 270338 
650 0 7 |a makroekonómia  |2 SNKPH  |9 2298 
650 0 7 |a Macroeconomics  |2 SNKPHeng  |9 311660 
650 0 7 |a mikroekonómia  |2 SNKPH  |9 2313 
650 0 7 |a Microeconomics  |2 SNKPHeng  |9 319360 
655 7 |a učebnice vysokých škôl  |2 SNKPH  |9 70191 
655 7 |a Textbooks (higher)  |2 SNKPHeng  |9 276436 
700 1 |a Lazorčáková, Ema,  |d 1983-  |4 aut  |9 201901 
919 |a 978-80-552-1744-4 
958 |a NB 
999 |c 855172  |d 857102 
952 |a SNK  |b SNK  |y PREZ  |7 0  |p 17A1322056  |o snkSB 92595/1  |i snk2018/5960  |8 0  |0 0  |1 0  |4 0  |d 2018-03-09  |f 1  |l 0  |r 2025-05-14 00:00:00  |w 2026-02-24 
952 |a SNK  |b SNK  |y VYP  |7 0  |p 17A1322057  |o snkSB 92595/1 D1  |i snk2018/5961  |8 0  |0 0  |1 0  |4 0  |d 2018-03-09  |l 0  |r 2026-02-24 04:54:20  |w 2026-02-24